| 000 | 00590nam a22002177a 4500 | ||
|---|---|---|---|
| 003 | OSt | ||
| 005 | 20170202151745.0 | ||
| 008 | 170202b xxu||||| |||| 00| 0 eng d | ||
| 020 | _a0415398509 | ||
| 040 | _cDMLN | ||
| 082 | _aWU515 S51p 2007 | ||
| 100 |
_aSmith, Bernard G.N.; Howe, Leselie C. _911491 |
||
| 245 | _aPlanning and Making Crowns and Bridges | ||
| 250 | _a4th ed. | ||
| 260 | _aUK; Informa Healthcare, 2007 | ||
| 300 | _aviii,326p; col.ill: 25cm | ||
| 504 | _aIndex included | ||
| 650 |
_aDental Crowns _911492 |
||
| 650 |
_aDental bridges _911493 |
||
| 942 |
_2z _cO_SHELF |
||
| 999 |
_c5508 _d5508 |
||